000 01198cad a22002175a 4500
001 E148061
008 090720e20090715xxk 000 0 eng d
035 _a(Sirsi) u148061
041 0 _aeng
110 2 _aRoyal Institution of Chartered Surveyors
_94900
245 0 0 _aRICS clarification to members on Foxtons case
_h[electronic resource]
260 _c2009
490 _aRICS Feature
_v15 July 2009
520 _aDiscusses the High Court ruling in the so called "Foxtons case" (see L147997, The Office of Fair Trading v Foxtons Limited), a decision which is of importance to all RICS members and others involved with the letting of residential property. The case clarifies the position with regard to renewal fees charged by letting agents in that they are not illegal per se, however they must be covered in the contract in an open and transparent way.
590 _aKA
650 2 4 _aTHE OFFICE OF FAIR TRADING V FOXTONS LIMITED
651 4 _aEngland and Wales
_y1543-
690 _aPROPERTY-RESIDENTIAL PROPERTY-RESIDENTIAL LANDLORD AND TENANT
856 4 0 _uhttps://www.rics.org/RICSWEB/getpage.aspx?p=KLO0ULEWxUmQ1LBCEnYyMg
_zView the item free of charge at www.rics.org...
942 _n0
999 _c81711
_d81711